50 Famous Turkish Artists by Famous Song - Statistics

General Stats
  • This quiz has been taken 185 times
  • The average score is 19 of 50
Answer Stats
Song Genre Artist % Correct
Dudu Pop Tarkan
88%
Düm Tek Tek Pop Hadise
84%
Senden Daha Guzel Rock Duman
73%
Karabiberim Pop Serdar Ortaç
71%
Gülpembe Rock Barış Manço
67%
Yerli Plaka Hip-hop Ceza
67%
Çingenem Pop Ebru Gündeş
64%
Haydi Söyle Arabesque İbrahim Tatlıses
63%
Padişah Pop Sibel Can
60%
Araba Pop Mustafa Sandal
59%
Cevapsiz Sorular Rock maNga
58%
Sen Ağlama Pop Sezen Aksu
58%
Cambaz Rock Mor ve Ötesi
56%
Adını Bilen Yazsın Pop Murat Boz
55%
Kum Gibi Pop Ahmet Kaya
54%
Tamirci Çırağı Rock Cem Karaca
53%
Ali Desidero Pop MFÖ
53%
Yakar Geçerim Pop Ajda Pekkan
50%
Bul Beni Hip-hop Ezhel
47%
Baytar Hip-hop Sagopa Kajmer
46%
Sabahçı Kahvesi Arabesque Ferdi Tayfur
37%
Acele Etme Pop Hande Yener
37%
Kafile Rock Yüksek Sadakat
36%
Koltuk Pop Demet Akalın
35%
N'apim Tabiatım Böyle Rock Teoman
35%
Büyük Hatırın Var Pop Gülşen
34%
Vazgeçtim Pop Yıldız Tilbe
34%
Kaderimin Oyunu Arabesque Orhan Gencebay
33%
Aklım Karıştı Pop Kenan Doğulu
31%
Amerika Pop Rafet El Roman
29%
Yanarım Pop Sertab Erener
29%
Peri Pop Nil Karaibrahimgil
28%
Bay Doğru Pop Gülben Ergen
27%
Sivas Ellerinde Sazım Çalınır Folk Selda Bağcan
25%
Doldur Be Meyhaneci Arabesque Adnan Şenses
22%
Perdeler Rock Şebnem Ferah
22%
Benzemez Kimse Sana Ottoman Müzeyyen Senar
19%
Seni Sordum Yıldızlara Ottoman Zeki Müren
19%
Götür Beni Gittiğin Yere Pop Emrah
18%
Belalım Pop Mahsun Kırmızıgül
18%
Zoruna Mı Gitti Arabesque Azer Bülbül
17%
Geceler Ottoman Bülent Ersoy
17%
Adını Anmayacağım Ottoman Muazzez Ersoy
17%
Gidemem Pop Kibariye
16%
Geçti O Günler Pop Mustafa Ceceli
14%
Ah Le Yar Yar Arabesque Alişan
10%
Yandırdın Kalbimi Rock Haluk Levent
10%
Sevdaluğun Sarmadı Pop Yusuf Güney
10%
Yemin Pop Yavuz Bingöl
3%
Arım Balım Peteğim Ottoman Sevim Tanürek
1%
No matching quizzes found
Score Distribution
Percent of People with Each Score
Percentile by Number Answered
Your Score History
You have not taken this quiz